Epitaphes célèbres ou pas ? - Statistiques

Statistiques générales
  • Ce quiz a été pris 27 fois
  • Le résultat moyen est 5 sur 11
Answers on the Grid
Answers color-coded by a green-red scale on the quiz's grid according to % correct below.
Laissez-moi dormir, j’étais fait pour ça.
Ni cleurs, ni fouronnes
On peut mourir de rire, mais on ne peut pas rire de mourir.
Je suis ici, mais je ne suis pas là.
Ci-gît Bolin
Excusez-moi, je suis en route vers les toilettes.
Ci-gît Bari, originaire des Pouilles
Désolée pour ma poussière.
Je vous avais dit que j’étais malade.
Si quelqu’un à mes funérailles fait une tête d’enterrement, je ne lui parlerai plus jamais.
Merci d’être venu. N’insistez pas, je ne me lèverai pas.
Je meurs défunt !
Si vous voulez quelque chose, sifflez simplement.
Mourir ? Plutôt crever !
Ceci est un trou de mémoire.
 
Statistiques - réponses
Réponse % Correct
On peut mourir de rire, mais on ne peut pas rire de mourir.
74%
Laissez-moi dormir, j’étais fait pour ça.
57%
Mourir ? Plutôt crever !
57%
Je vous avais dit que j’étais malade.
52%
Je suis ici, mais je ne suis pas là.
43%
Merci d’être venu. N’insistez pas, je ne me lèverai pas.
43%
Si quelqu’un à mes funérailles fait une tête d’enterrement, je ne lui parlerai plus jamais.
39%
Ceci est un trou de mémoire.
35%
Désolée pour ma poussière.
26%
Excusez-moi, je suis en route vers les toilettes.
22%
Si vous voulez quelque chose, sifflez simplement.
17%
Aucun quiz correspondant
Distribution des résultats
% des personnes avec chaque résultat
Percentile par nombre de réponses
Votre historique - résultats
Vous n’avez pas pris ce quiz